| 000 | 00467nam a2200181Ia 4500 | ||
|---|---|---|---|
| 003 | IN-BaIIA | ||
| 008 | 211028s9999 xx 000 0 eng d | ||
| 040 | _cIIA Library | ||
| 080 |
_a539.17 _bJAC |
||
| 100 |
_aJackson, Daphne F _96439 |
||
| 245 | 0 |
_aNuclear reactions _cDaphne F. Jackson |
|
| 260 |
_aLondon _bMethuen _c1970 |
||
| 300 | _ax, 260p. | ||
| 650 | _aNASA Thesaurus | ||
| 650 |
_aNuclear physics _91527 |
||
| 650 |
_aNuclear reactions _92819 |
||
| 942 | _cBK | ||
| 999 |
_c3630 _d3630 |
||